Pays membres de l'espace Schengen - Statistiques

Statistiques générales
  • Ce quiz a été pris 5 515 fois
    2 371 depuis la dernière actualisation
  • Le résultat moyen est 25 sur 29
Statistiques - réponses
Date Pays % Correct
1995 France
100%
1995 Espagne
98%
1995 Allemagne
97%
1995 Portugal
96%
1995 Belgique
95%
1997 Italie
95%
2001 Suède
93%
1995 Luxembourg
91%
1995 Pays-Bas
91%
2001 Finlande
90%
2007 Pologne
90%
2001 Norvège
89%
2023 Croatie
88%
2007 Lettonie
88%
2008 Suisse
88%
1997 Autriche
87%
2007 Estonie
87%
2000 Grèce
87%
2007 Lituanie
87%
2024 Roumanie
86%
2007 Slovaquie
86%
2007 Hongrie
85%
2007 Slovénie
85%
2001 Danemark
84%
2007 Rép. Tchèque
84%
2024 Bulgarie
83%
2007 Malte
75%
2001 Islande
72%
2011 Liechtenstein
59%
Aucun quiz correspondant
Distribution des résultats
% des personnes avec chaque résultat
Percentile par nombre de réponses
Votre historique - résultats
Vous n’avez pas pris ce quiz depuis la dernière actualisation